ბათუმის შოთა რუსთაველის სახელმწიფო უნივერსიტეტის ბიბლიოთეკა

Круг и шар. (ბიბ.ჩანაწერი № 38702)

000 -LEADER
fixed length control field 00644nam a2200217Ia 4500
001 - CONTROL NUMBER
control field 4966
003 - CONTROL NUMBER IDENTIFIER
control field GE_BSU
008 - FIXED-LENGTH DATA ELEMENTS--GENERAL INFORMATION
fixed length control field 181216s||||||||xx |||||||||||||| ||und||
040 ## - CATALOGING SOURCE
Transcribing agency GE_BSU
080 ## - UNIVERSAL DECIMAL CLASSIFICATION NUMBER
Universal Decimal Classification number 514
100 ## - MAIN ENTRY--PERSONAL NAME
Personal name Бляшке, В.
245 ## - TITLE STATEMENT
Title Круг и шар.
245 ## - TITLE STATEMENT
Statement of responsibility, etc. Под ред. В.А. Залгаллера. И. М. Яглома. Пер. с немецкого В.А. Залгаллера и С.И. Залгаллера.
260 ## - PUBLICATION, DISTRIBUTION, ETC.
Place of publication, distribution, etc. Москва
260 ## - PUBLICATION, DISTRIBUTION, ETC.
Name of publisher, distributor, etc. Наука
260 ## - PUBLICATION, DISTRIBUTION, ETC.
Date of publication, distribution, etc. 1967
300 ## - PHYSICAL DESCRIPTION
Extent 232 с. 20 см.
300 ## - PHYSICAL DESCRIPTION
Accompanying material Указатель стр.229-232
653 ## - INDEX TERM--UNCONTROLLED
Uncontrolled term Круг и шар.
942 ## - ADDED ENTRY ELEMENTS (KOHA)
Koha item type წიგნი
ეგზემპლარები
Withdrawn status Lost status Damaged status Not for loan Date acquired Barcode Date last seen Price effective from Koha item type Public note
        2018-12-17 15927 2018-12-17 2018-12-17 წიგნი დარბაზი
        2018-12-17 15928 2018-12-17 2018-12-17 წიგნი დარბაზი
        2018-12-17 15929 2018-12-17 2018-12-17 წიგნი დარბაზი
        2018-12-17 15057 2018-12-17 2018-12-17 წიგნი